Govt. of
Madhya Pradesh

Moal (Record no. 15541)

MARC details
000 -LEADER
fixed length control field 003760000a22001570004500
001 - CONTROL NUMBER
control field 003644
003 - CONTROL NUMBER IDENTIFIER
control field MACL
040 ## - CATALOGING SOURCE
Original cataloging agency MACL
090 ## - LOCALLY ASSIGNED LC-TYPE CALL NUMBER (OCLC); LOCAL CALL NUMBER (RLIN)
-- 15637
-- 15636
100 ## - MAIN ENTRY--PERSONAL NAME
Personal name Dasgupta, Surama
245 ## - TITLE STATEMENT
Title Moal
Remainder of title Development of Philosophy in India
Statement of responsibility, etc. Surama Dasgupta
260 ## - PUBLICATION, DISTRIBUTION, ETC. (IMPRINT)
Place of publication, distribution, etc. Munshiram Manoharlal Publishers,
Date of publication, distribution, etc. 1994
350 ## - PRICE (NR) (BK AM CF MU VM SE) [OBSOLETE]
Price 250
650 ## - SUBJECT ADDED ENTRY--TOPICAL TERM
Topical term or geographic name as entry element Philosophy
942 ## - ADDED ENTRY ELEMENTS (KOHA)
Call number prefix 101
Koha item type Library Membar
Holdings
Withdrawn status Lost status Source of classification or shelving scheme Damaged status Not for loan Home library Current library Date acquired Cost, normal purchase price Total Checkouts Full call number Barcode Date last seen Uniform Resource Identifier Price effective from Koha item type
          MACL MACL 15/04/2015 250.00   101.54 DAS CRE010327 02/05/2024 15439 15/04/2015 Books